000 00562cam a22002051 4500
001 sa 63002511
003 DLC
005 20260227111934.0
008 820408s1962 enk 000 0 eng
010 _asa 63002511
025 _aPL480:I-E-1318
035 _a(OCoLC)8322546
040 _aDLC
_cViU
_dDLC
050 0 0 _aDS421
_b.P17
100 1 _aPanchapakesa Ayyar, A. S.,
_d1899-1963.
245 1 0 _aTwenty five years a civilian.
260 _aMadras,
_bV. Ramaswamy Sastrulu,
_c1962.
300 _a474 p.
_c19 cm.
651 0 _aIndia
_xSocial life and customs.
999 _c54494
_d54494